000
00206 a2200097 4500
001
29818
100
_a
Iliffe J K
245
_a
Basic Machine Principles
260
_a
_b
Macdonald
_c
090
_c
19834
_d
19834
942
_a
NUST-CAE
_c
M
_c
10929
999
_c
264891
_d
264891